000
00342nam a2200145Ia 4500
008
150201s2006 xx 000 0 und d
082
_a
612.8
_b
N2004S
100
_a
SUSAN,EDWARD
245
_a
NEUROLOGICAL PHYSIOTHERAPY
250
_a
1ST
260
_b
ELSEVIER
_a
DELHI
_c
2006
300
_a
1-291
650
_a
PHYSIOTHERAPY
942
_2
ddc
_c
BK
999
_c
4302
_d
4302